EFL Championship Clubs Quiz - Statistics

General Stats
  • This quiz has been taken 290 times
    173 since last reset
  • The average score is 20 of 24
Answer Stats
Club % Correct
Leeds United
94%
Sheffield United
94%
Sunderland
93%
Luton Town
92%
Norwich City
90%
Sheffield Wednesday
90%
Plymouth Argyle
89%
West Bromwich Albion
89%
Blackburn Rovers
88%
Burnley
88%
Cardiff City
88%
Queens Park Rangers
88%
Portsmouth
87%
Swansea City
87%
Derby County
86%
Oxford United
83%
Bristol City
80%
Watford
80%
Hull City
78%
Stoke City
78%
Middlesbrough
76%
Preston North End
76%
Millwall
74%
Coventry City
72%
No matching quizzes found
Score Distribution
Percent of People with Each Score
Percentile by Number Answered
Your Score History
You have not taken this quiz since the last reset